đź“– 150 premiers mots "Croc Blanc" Jack London - Statistiques

Statistiques générales
  • Ce quiz a Ă©tĂ© pris 46 fois
  • Le rĂ©sultat moyen est 70 sur 150
Statistiques - réponses
Mots % Correct
C'
97%
l'
97%
n'
97%
Ă 
93%
A
93%
la
93%
d'
90%
de
90%
s'
90%
il
87%
Il
87%
Le
87%
le
87%
ne
87%
un
87%
une
87%
ce
83%
et
83%
Et
83%
froid
80%
froid,
80%
Les
80%
les
80%
se
80%
des
77%
Qu'
77%
que
77%
qui
73%
chiens
70%
était
70%
son
70%
neige
67%
par
67%
pour
67%
du
63%
traîneau
63%
glace.
60%
hommes
57%
sur
57%
y
53%
leurs
50%
vent
43%
autres
37%
deux
37%
glacial
37%
tiré
37%
bien
33%
jamais
33%
comme
30%
faim
30%
arrĂŞter.
27%
contre
27%
dont
27%
gelé
27%
soufflait
27%
uns
27%
côté
23%
faisait
23%
avaient ...
20%
nom,
20%
semblait
20%
'wild'
20%
'wild',
20%
depuis
17%
devoir
17%
fatigue
17%
mois.
17%
sapins
17%
aucun
13%
chargé
13%
couvert
13%
étendait
13%
fleuve
13%
fleuve,
13%
portait
13%
pourtant,
13%
glacée.
10%
mouvait
10%
perte
10%
vue
10%
abriter.
7%
attelage,
7%
caisse
7%
cerceuil.
7%
corps
7%
doute.
7%
eût
7%
immaculé.
7%
larges
7%
lentement,
7%
lit
7%
longue
7%
lourdement
7%
marchaient
7%
pelage
7%
pressaient
7%
raquettes.
7%
sauvage
7%
aiguilles
3%
ballots,
3%
contenait
3%
cuisine
3%
décharnés
3%
désert
3%
ficelés,
3%
harassés,
3%
inhumain
3%
instruments
3%
malhabiles
3%
personnage.
3%
protection
3%
quiconque
3%
refuser
3%
solidement
3%
troisième
3%
usage
3%
voulu
3%
Aucun quiz correspondant
Distribution des résultats
% des personnes avec chaque résultat
Percentile par nombre de réponses
Votre historique - résultats
Vous n’avez pas pris ce quiz